Welcome to the Holygrace Academy Library

Please use search bar below to get started

JAWAHARLAL NEHRU (Record no. 7667)

MARC details
000 -LEADER
fixed length control field 00190nam a22000977a 4500
082 ## - DEWEY DECIMAL CLASSIFICATION NUMBER
Classification number 920
Item number JUL/J
100 ## - MAIN ENTRY--AUTHOR NAME
Personal name JULIA, GANESH
245 ## - TITLE STATEMENT
Title JAWAHARLAL NEHRU
650 ## - SUBJECT ADDED ENTRY--TOPICAL TERM
Topical Term SHORT STORY
942 ## - ADDED ENTRY ELEMENTS (KOHA)
Koha item type Books
Holdings
Withdrawn status Lost status Collection code Home library Current library Date acquired Full call number Accession Number Koha item type
Withdrawn Damaged Item Fiction Main Library Main Library 05/03/2002 920 JUL/J 01114 Books